Patriots and partisans / (Record no. 78991)

MARC details
000 -LEADER
fixed length control field 00718nam a22002057a 4500
005 - DATE AND TIME OF LATEST TRANSACTION
control field 20131121142712.0
010 ## - LCCN (DPL NO)
LC control number B-495114-115
020 ## - INTERNATIONAL STANDARD BOOK NUMBER
International Standard Book Number 9780670083862
Terms of availability 699.00
035 ## - SYSTEM CONTROL NUMBER
System control number B-495114-115
037 ## - SOURCE OF ACQUISITION
Stock number dpl
Source of stock number/acquisition BBB/Ven
082 ## - DEWEY DECIMAL CLASSIFICATION NUMBER
Classification number 320.954
100 ## - MAIN ENTRY--PERSONAL NAME
Personal name Guha, Ramachandra
245 ## - TITLE STATEMENT
Title Patriots and partisans /
Statement of responsibility, etc by Ramchandra Guha
260 ## - PUBLICATION, DISTRIBUTION, ETC. (IMPRINT)
Place of publication, distribution, etc New Delhi
Name of publisher, distributor, etc Penguin Group ALLEN LANE
Date of publication, distribution, etc 2012
270 ## - ADDRESS
Address Penguin Books India Pvt.,11 Community Centre, Panchsheel Park,
City New Delhi
Postal code 110017
300 ## - PHYSICAL DESCRIPTION
Extent xvi,334p.
Dimensions 24cm(Hbk)
500 ## - GENERAL NOTE
General note Includes index
942 ## - ADDED ENTRY ELEMENTS (KOHA)
Source of classification or shelving scheme Dewey Decimal Classification
Item type English Books
Call number suffix GUH
Classification part 320.954
Holdings
Withdrawn status Lost status Not for loan Collection code Home library Current library Date acquired Cost, normal purchase price Full call number Copy number Cost, replacement price Koha item type Source of acquisition Barcode
      Non-fiction Central Library Central Library 21/11/2013 699.00 320.954 GUH 1 699.00 English Books BBB/10341/11.03.2013/168/08.03.2013/15.03.2013 B-495114
    Ordered Non-fiction D.B.Act.Division D.B.Act.Division 02/09/2013 699.00 GUH 1 699.00 English Books    
      Non-fiction Sarojini Nagar Sarojini Nagar 21/11/2013 699.00 320.954 GUH 1 699.00 English Books BBB/10341/11.03.2013/168/08.03.2013/15.03.2013 B-495115

© Delhi Public Library
Hit Counter
free hit counter